[Event "Saarland-ch B 89th"]
[Site "Stennweiler"]
[Date "2014.04.15"]
[Round "5"]
[White "Wittenmayer, Kai"]
[Black "Schumacher, Simon"]
[Result "1/2-1/2"]
[WhiteElo "1161"]
[BlackElo "1146"]
[PlyCount "38"]
[EventDate "2014.04.11"]
[EventType "swiss"]
[EventRounds "9"]
[EventCountry "GER"]
[SourceTitle "EXT 2016"]
[Source "ChessBase"]
[SourceDate "2015.10.08"]
[SourceVersion "1"]
[SourceVersionDate "2015.10.08"]
[SourceQuality "1"]

1. e4 d5 2. exd5 Qxd5 3. Nc3 Qa5 4. Bc4 Bf5 5. d3 c6 6. Qf3 e6 7. Bd2 Qc7 8. Nge2 Nf6 9. 0-0 Nbd7 10. Rfe1 0-0-0 11. Bf4 Bd6 12. Bxd6 Qxd6 13. Rad1 Ne5 14. Qf4 Nxc4 15. Qxc4 Kb8 16. Ng3 Bg6 17. a3 h5 18. Qh4 Qd4 19. Qxd4 Rxd4 1/2-1/2

[Event "Saarland-ch B 89th"]
[Site "Stennweiler"]
[Date "2014.04.11"]
[Round "1"]
[White "Heim, Daniel"]
[Black "Schumacher, Simon"]
[Result "1-0"]
[WhiteElo "1391"]
[BlackElo "1146"]
[PlyCount "93"]
[EventDate "2014.04.11"]
[EventType "swiss"]
[EventRounds "9"]
[EventCountry "GER"]
[SourceTitle "EXT 2016"]
[Source "ChessBase"]
[SourceDate "2015.10.08"]
[SourceVersion "1"]
[SourceVersionDate "2015.10.08"]
[SourceQuality "1"]

1. e4 d6 2. d4 g6 3. Nf3 Bg7 4. Be2 Bg4 5. 0-0 Nc6 6. Be3 Bxf3 7. Bxf3 e5 8. c3 Nf6 9. Qa4 0-0 10. Qb5 Rb8 11. d5 a6 12. Qb3 Ne7 13. Ba7 Ra8 14. Qxb7 Qd7 15. c4 Kh8 16. Nc3 c5 17. Qxd7 Nxd7 18. Bxc5 Nxc5 19. b4 Nd3 20. a3 Rfc8 21. Na4 Rab8 22. Rfd1 Nf4 23. Rac1 Bh6 24. Rc3 f5 25. g3 fxe4 26. gxf4 exf3 27. fxe5 dxe5 28. d6 Rd8 29. Rxf3 Nf5 30. c5 Nd4 31. Rf7 Rf8 32. Ra7 Ra8 33. Re7 Rfe8 34. Rxe8+ Rxe8 35. d7 Rd8 36. Nb6 Bg5 37. Kg2 Bf4 38. Rd3 Bg5 39. Rc3 Nc6 40. Rc4 Kg7 41. a4 Rb8 42. b5 axb5 43. axb5 Na5 44. Ra4 Nb3 45. Ra7 Kf8 46. Rc7 Nxc5 47. Rc8+ 1-0

[Event "GER-ch U10"]
[Site "Oberhof"]
[Date "2013.05.25"]
[Round "11"]
[White "Weishaeutel, Moritz"]
[Black "Schumacher, Simon"]
[Result "1-0"]
[WhiteElo "1431"]
[BlackElo "1156"]
[PlyCount "65"]
[EventDate "2013.05.19"]
[EventType "swiss"]
[EventRounds "11"]
[EventCountry "GER"]
[SourceTitle "CBM 154 Extra"]
[Source "ChessBase"]
[SourceDate "2013.06.25"]
[SourceVersion "2"]
[SourceVersionDate "2013.06.25"]
[SourceQuality "1"]

1. e4 d5 2. exd5 Qxd5 3. Nc3 Qa5 4. d4 c6 5. Bd2 Qc7 6. Bc4 Bf5 7. Nf3 Nf6 8. 0-0 e6 9. Re1 Nbd7 10. Ne5 Bd6 11. Bf4 Rf8 12. Nxd7 Qxd7 13. Bxd6 Qxd6 14. d5 0-0-0 15. dxe6 fxe6 16. Qe2 Rfe8 17. Rad1 Qe7 18. Rxd8+ Kxd8 19. Rd1+ Kc8 20. Bd3 Qc7 21. Bxf5 exf5 22. Qd3 g6 23. g3 f4 24. Qd4 Nh5 25. Qxa7 Qe5 26. Kg2 fxg3 27. hxg3 g5 28. Qa4 Nf6 29. f4 gxf4 30. Qxf4 Qxf4 31. gxf4 Ng4 32. Kf3 Ne3 33. Re1 1-0

[Event "GER-ch U10"]
[Site "Oberhof"]
[Date "2013.05.22"]
[Round "6"]
[White "Zimmer, Raphael"]
[Black "Schumacher, Simon"]
[Result "1-0"]
[WhiteElo "1369"]
[BlackElo "1156"]
[PlyCount "97"]
[EventDate "2013.05.19"]
[EventType "swiss"]
[EventRounds "11"]
[EventCountry "GER"]
[SourceTitle "CBM 154 Extra"]
[Source "ChessBase"]
[SourceDate "2013.06.25"]
[SourceVersion "2"]
[SourceVersionDate "2013.06.25"]
[SourceQuality "1"]

1. e4 d5 2. exd5 Qxd5 3. Nc3 Qa5 4. d4 c6 5. Bc4 Bf5 6. Nf3 Nf6 7. Bd2 Qc7 8. Nh4 Bg6 9. Nxg6 hxg6 10. h3 e6 11. Qe2 Nbd7 12. d5 cxd5 13. Nxd5 Nxd5 14. Bxd5 0-0-0 15. Bb3 Nc5 16. Rc1 Qc6 17. 0-0 Ne4 18. Be3 Kb8 19. Rfe1 Bc5 20. Bxc5 Nxc5 21. Qe5+ Ka8 22. Qxg7 Rdf8 23. a3 Qb5 24. Ba2 Rhg8 25. Qc3 Na4 26. Qb3 Qxb3 27. Bxb3 Nc5 28. Ba2 Rh8 29. b4 Na4 30. Bb3 Nc3 31. Re3 Nb5 32. a4 Nc7 33. c4 Rh7 34. c5 Rfh8 35. b5 g5 36. Rd1 g4 37. Red3 Nd5 38. Bxd5 exd5 39. Rxd5 Kb8 40. b6 axb6 41. cxb6 Kc8 42. Rc1+ Kb8 43. Rd7 gxh3 44. g3 Rg7 45. Rcc7 h2+ 46. Kh1 Rgh7 47. Rxb7+ Kc8 48. Rxf7 Rxf7 49. Rxf7 1-0

[Event "GER-ch U10"]
[Site "Oberhof"]
[Date "2013.05.20"]
[Round "3"]
[White "Schumacher, Simon"]
[Black "Burian, Simon"]
[Result "1-0"]
[WhiteElo "1156"]
[BlackElo "1370"]
[PlyCount "65"]
[EventDate "2013.05.19"]
[EventType "swiss"]
[EventRounds "11"]
[EventCountry "GER"]
[SourceTitle "CBM 154 Extra"]
[Source "ChessBase"]
[SourceDate "2013.06.25"]
[SourceVersion "2"]
[SourceVersionDate "2013.06.25"]
[SourceQuality "1"]

1. d4 Nf6 2. Bf4 g6 3. e3 Bg7 4. Nf3 d6 5. Bd3 0-0 6. c3 Nbd7 7. Nbd2 c5 8. Qc2 b6 9. 0-0-0 Nd5 10. Be4 Bb7 11. Bg3 Rb8 12. Rhe1 a5 13. h4 N7f6 14. Kb1 Nxe4 15. Nxe4 c4 16. Neg5 Nf6 17. Nd2 b5 18. Nde4 h6 19. Nxf6+ Bxf6 20. Nf3 Bg7 21. e4 Qc7 22. e5 d5 23. e6 Qc6 24. exf7+ Kxf7 25. Bxb8 Rxb8 26. h5 Bc8 27. hxg6+ Qxg6 28. Rxe7+ Kf6 29. Qxg6+ Kxg6 30. Ne5+ Kf6 31. Rf7+ Kg5 32. f4+ Kh5 33. Rh1+ 1-0

[Event "GER-ch U10"]
[Site "Oberhof"]
[Date "2011.06.17"]
[Round "9"]
[White "Schumacher, Simon"]
[Black "Ott, Josef Sebastian"]
[Result "0-1"]
[WhiteElo "1005"]
[BlackElo "1327"]
[PlyCount "126"]
[EventDate "2011.06.11"]
[EventType "swiss"]
[EventRounds "11"]
[EventCountry "GER"]
[SourceTitle "CBM 142 Extra"]
[Source "ChessBase"]
[SourceDate "2011.06.27"]
[SourceVersion "1"]
[SourceVersionDate "2011.06.27"]
[SourceQuality "1"]

1. d4 Nf6 2. Bf4 d6 3. e3 Bf5 4. c3 c6 5. Nf3 Nbd7 6. Bd3 Bxd3 7. Qxd3 Qc7 8. Nbd2 e5 9. Bg3 Be7 10. Nc4 e4 11. Qe2 exf3 12. gxf3 b5 13. Nd2 a5 14. Rg1 0-0 15. Bf4 Kh8 16. c4 Qb6 17. Qd3 bxc4 18. Nxc4 Qb5 19. Qc3 d5 20. Nd6 Qb4 21. Qxb4 axb4 22. Nf5 Bd8 23. Bd6 Rg8 24. Bxb4 Rb8 25. Bc3 g6 26. Nd6 Rf8 27. a3 Be7 28. e4 Bxd6 29. e5 Rfe8 30. f4 Ne4 31. exd6 Nxc3+ 32. Kd2 Ne4+ 33. Kd3 Nxf2+ 34. Kd2 Rxb2+ 35. Kc3 Rb6 36. Raf1 Ne4+ 37. Kc2 c5 38. Re1 cxd4 39. Kd3 Nf2+ 40. Kxd4 Rxe1 41. Rxe1 Rxd6 42. Rf1 Ne4 43. a4 Ndf6 44. Ke5 Ra6 45. f5 Rxa4 46. fxg6 fxg6 47. Ke6 Kg7 48. Rc1 Rc4 49. Rb1 d4 50. Rb7+ Kh6 51. Rb8 d3 52. Rd8 d2 53. h3 Rc6+ 54. Ke5 Rd6 55. Rxd6 Nxd6 56. Kxd6 d1Q+ 57. Ke5 Qd5+ 58. Kxf6 Qd6+ 59. Kf7 g5 60. Ke8 Qc7 61. Kf8 Qd7 62. h4 Kg6 63. hxg5 Qd8# 0-1

[Event "GER-ch U10"]
[Site "Oberhof"]
[Date "2011.06.16"]
[Round "8"]
[White "Schumacher, Simon"]
[Black "Cejda, Cecilia"]
[Result "1-0"]
[WhiteElo "1005"]
[BlackElo "1130"]
[PlyCount "117"]
[EventDate "2011.06.11"]
[EventType "swiss"]
[EventRounds "11"]
[EventCountry "GER"]
[SourceTitle "CBM 142 Extra"]
[Source "ChessBase"]
[SourceDate "2011.06.27"]
[SourceVersion "1"]
[SourceVersionDate "2011.06.27"]
[SourceQuality "1"]

1. e4 e5 2. Nf3 Nf6 3. Nc3 Bb4 4. Nxe5 d6 5. Nf3 Bxc3 6. bxc3 Nxe4 7. Qe2 d5 8. d3 0-0 9. dxe4 Re8 10. Qd3 dxe4 11. Qxd8 Rxd8 12. Nd4 c5 13. Nb5 Bg4 14. Be3 Na6 15. Na3 Rd7 16. Bxa6 bxa6 17. Bxc5 Rad8 18. Bd4 f5 19. 0-0 f4 20. g3 Rd6 21. Bxa7 h5 22. Rfe1 Re8 23. Nc4 Rg6 24. Nd2 Bh3 25. f3 fxg3 26. hxg3 Rxg3+ 27. Kh2 h4 28. Rxe4 Rc8 29. Rxh4 Rg2+ 30. Kxh3 Rxd2 31. Rb1 Rxc3 32. Rb8+ Kf7 33. Rf4+ Kg6 34. Rg4+ Kf5 35. Rf8+ Ke6 36. Re4+ Kd7 37. Bb6 Rcxc2 38. Rd8+ Kc6 39. Rxd2 Rxd2 40. Bd4 Rxa2 41. Bxg7 Kd5 42. Re5+ Kc6 43. f4 a5 44. f5 a4 45. f6 Rf2 46. Kg4 a3 47. Rf5 a2 48. f7 Rg2+ 49. Kf3 Rxg7 50. f8Q a1Q 51. Rf6+ Kd5 52. Qd6+ Kc4 53. Rf4+ Kb3 54. Qb4+ Kc2 55. Rc4+ Kd3 56. Qb3+ Kd2 57. Qc2+ Ke1 58. Re4+ Kf1 59. Qf2# 1-0

[Event "GER-ch U10"]
[Site "Oberhof"]
[Date "2011.06.12"]
[Round "1"]
[White "Silber, Kevin"]
[Black "Schumacher, Simon"]
[Result "1-0"]
[WhiteElo "1341"]
[BlackElo "1005"]
[PlyCount "165"]
[EventDate "2011.06.11"]
[EventType "swiss"]
[EventRounds "11"]
[EventCountry "GER"]
[SourceTitle "CBM 142 Extra"]
[Source "ChessBase"]
[SourceDate "2011.06.27"]
[SourceVersion "1"]
[SourceVersionDate "2011.06.27"]
[SourceQuality "1"]

1. e4 d5 2. exd5 Qxd5 3. Qf3 Qxf3 4. Nxf3 Nc6 5. Bc4 Nf6 6. 0-0 Bf5 7. d3 e6 8. Nc3 Bd6 9. h3 Nb4 10. Bb3 0-0 11. a3 Nc6 12. Bg5 Be7 13. Nb5 Rac8 14. g4 Bg6 15. Rfe1 h6 16. Bh4 a6 17. Nbd4 Nxd4 18. Nxd4 Rfd8 19. c3 c5 20. Nf3 Rxd3 21. Re3 Rxe3 22. fxe3 b5 23. g5 Nd5 24. Bxd5 exd5 25. gxh6 Bxh4 26. hxg7 Kxg7 27. Nxh4 Be4 28. Rf1 Rg8 29. Kf2 a5 30. Rg1+ Bg6 31. Nf5+ Kh7 32. Ne7 Rd8 33. Nc6 Ra8 34. Rg5 Ra6 35. Nb8 Rf6+ 36. Ke2 Be4 37. Nd7 Rc6 38. Ne5 Rc7 39. Ng4 f5 40. Nf6+ Kh6 41. Nxe4 fxe4 42. Rxd5 b4 43. axb4 axb4 44. cxb4 cxb4 45. Kd2 b3 46. Rb5 Rc2+ 47. Kd1 Rxb2 48. Kc1 Rh2 49. Rxb3 Rxh3 50. Kd2 Kg5 51. Rb5+ Kg4 52. Re5 Kf3 53. Rf5+ Kg4 54. Rf4+ Kg3 55. Rxe4 Kf2 56. Re8 Kf3 57. Kd3 Kg4 58. Rf8 Kg5 59. Kd4 Kg6 60. e4 Kg7 61. Rf1 Rh8 62. e5 Rf8 63. Rc1 Rd8+ 64. Ke4 Kf8 65. Rc7 Ke8 66. e6 Rb8 67. Kf5 Rb5+ 68. Kf6 Rb8 69. Rh7 Kd8 70. Rh8+ Kc7 71. Rxb8 Kxb8 72. e7 Kc7 73. e8Q Kd6 74. Qe5+ Kc6 75. Ke6 Kb6 76. Qc3 Kb5 77. Kd6 Kb6 78. Qc6+ Ka5 79. Qb7 Ka4 80. Kc5 Ka3 81. Kc4 Ka2 82. Kc3 Ka3 83. Qa6# 1-0